000 00312nam a2200121Ia 4500
005 20260328101519.0
008 260328s9999||||xx |||||||||||||| ||und||
245 0 _aVivienda total :
_b Alternativas a la dispersión Urbana /
260 _bACTAR
300 _a396 p.
650 _aVIVIENDA MULTIFAMILIAR
942 _cBK
999 _c9512
_d9512